00671nam a2200241 a 4500001001300000003000900013005001700022008004100039020001000080082001500090100001900105245000900124260004200133300000900175500003500184505003100219650001700250700001900267902000800286942000700294952011500301999001300416nice12345678IN_TiNIC20260116011342.0050524s1964 alia grp 000 0 urd  ac10000a956.7bMAH aMahmudul, Haqq aIraq aAligarhbIdarah-E-Uloom Islamiac1964 a258p aincludes index and biblioraphy2 aNotes, Bibliography, Index aIraq-History1 aMahmudul, Haqq bSRS cBK 001040708StackRoom-aHMIbHMId2007-05-30g100.00l0o956.7 MAHp03824r2007-05-30v100.00w2005-05-24yBK c767d767